[Event "TUR Cup"]
[Site "Adapazari"]
[Date "2022.03.30"]
[Round "8"]
[White "Once, Ahmet Asim"]
[Black "Ozel, Baran Kemal"]
[Result "1/2-1/2"]
[WhiteElo "1461"]
[BlackElo "1399"]
[PlyCount "77"]
[EventDate "2022.03.25"]
[EventType "swiss"]
[EventRounds "11"]
[EventCountry "TUR"]
[SourceTitle "EXT 2023"]
[Source "ChessBase"]
[SourceDate "2022.10.05"]
[SourceVersion "1"]
[SourceVersionDate "2022.10.05"]
[SourceQuality "1"]

1. d4 d5 2. Nf3 Nf6 3. Bf4 Bf5 4. e3 e6 5. Bd3 Bxd3 6. cxd3 Be7 7. 0-0 0-0 8. Ne5 c5 9. dxc5 Bxc5 10. d4 Bd6 11. Nd2 Bxe5 12. dxe5 Nfd7 13. Qg4 Qe7 14. Qg3 Nc6 15. Nf3 Nc5 16. Bg5 f6 17. exf6 Rxf6 18. Bxf6 Qxf6 19. b3 Ne4 20. Qf4 e5 21. Qxf6 gxf6 22. Rac1 Kf7 23. Rfd1 Ke6 24. Nd2 Nd6 25. Nb1 Rd8 26. f3 h5 27. Kf2 Nf5 28. Nc3 d4 29. exd4 Nfxd4 30. Ne4 b6 31. Ng3 h4 32. Ne2 Rd7 33. Nxd4+ Nxd4 34. Rc8 Kf5 35. Rh8 Kg5 36. g3 Rc7 37. Rd2 Rc3 38. Kg2 Nxf3 39. Rg8+ 1/2-1/2

[Event "TUR Cup"]
[Site "Adapazari"]
[Date "2022.03.30"]
[Round "9"]
[White "Ozel, Baran Kemal"]
[Black "Akar, Erdogan"]
[Result "1/2-1/2"]
[WhiteElo "1399"]
[BlackElo "1696"]
[PlyCount "86"]
[EventDate "2022.03.25"]
[EventType "swiss"]
[EventRounds "11"]
[EventCountry "TUR"]
[SourceTitle "EXT 2023"]
[Source "ChessBase"]
[SourceDate "2022.10.05"]
[SourceVersion "1"]
[SourceVersionDate "2022.10.05"]
[SourceQuality "1"]

1. e4 c5 2. Nf3 Nc6 3. d4 cxd4 4. Nxd4 e6 5. Nc3 Nf6 6. Bc4 Bb4 7. 0-0 Bxc3 8. bxc3 Nxe4 9. Qg4 Nf6 10. Qxg7 Rg8 11. Qh6 Rg6 12. Qh4 Rg4 13. Qh6 Ne5 14. Be2 Rg6 15. Qe3 Nfg4 16. Bxg4 Nxg4 17. Qd3 Qc7 18. Nf3 b6 19. h3 Ne5 20. Nxe5 Qxe5 21. Rd1 Qg7 22. g3 f6 23. Bf4 e5 24. Qd5 Rb8 25. Qd6 Rb7 26. Re1 Kf7 27. Qd5+ Kf8 28. Rad1 Qf7 29. Bc1 Qxd5 30. Rxd5 Rc7 31. Re3 Bb7 32. Rd6 Bc6 33. Kh2 Kf7 34. Ba3 Rg8 35. Bb4 a5 36. Ba3 e4 37. c4 Rg6 38. Bb2 f5 39. Be5 Rxd6 40. Bxd6 Rc8 41. Rb3 Ke6 42. Bf4 Ra8 43. Rxb6 a4 1/2-1/2

[Event "TUR Cup"]
[Site "Adapazari"]
[Date "2022.03.26"]
[Round "3"]
[White "Maruflu, Enes Yusuf"]
[Black "Ozel, Baran Kemal"]
[Result "1-0"]
[WhiteElo "1952"]
[BlackElo "1399"]
[PlyCount "83"]
[EventDate "2022.03.25"]
[EventType "swiss"]
[EventRounds "11"]
[EventCountry "TUR"]
[SourceTitle "EXT 2023"]
[Source "ChessBase"]
[SourceDate "2022.10.05"]
[SourceVersion "1"]
[SourceVersionDate "2022.10.05"]
[SourceQuality "1"]

1. e4 e5 2. Nf3 Nc6 3. Bb5 a6 4. Bxc6 dxc6 5. d4 exd4 6. Qxd4 Qxd4 7. Nxd4 Bd6 8. Nc3 Ne7 9. Be3 Bd7 10. 0-0-0 0-0-0 11. Nb3 Rhe8 12. a3 Ng6 13. Nc5 f6 14. Nxd7 Rxd7 15. f3 Red8 16. Ne2 Ne5 17. Kb1 Nc4 18. Bc1 Be5 19. Rxd7 Rxd7 20. b3 Nb6 21. f4 Bd6 22. Rd1 Re7 23. Ng3 g6 24. Rf1 Nd7 25. Bb2 a5 26. a4 b5 27. Bc3 Bb4 28. Bd4 Bc5 29. Bb2 Bd6 30. Kc1 g5 31. e5 fxe5 32. fxg5 e4 33. Nf5 Re8 34. h4 Nc5 35. axb5 cxb5 36. h5 Rg8 37. g6 hxg6 38. Nxd6+ cxd6 39. h6 Kd7 40. h7 Re8 41. h8Q Rxh8 42. Bxh8 1-0